Human resource outsourcing : (Record no. 132445)
[ view plain ]
| 000 -LEADER | |
|---|---|
| fixed length control field | 00824nam a22002657a 4500 |
| 003 - CONTROL NUMBER IDENTIFIER | |
| control field | 0 |
| 005 - DATE AND TIME OF LATEST TRANSACTION | |
| control field | 20180711113239.0 |
| 008 - FIXED-LENGTH DATA ELEMENTS--GENERAL INFORMATION | |
| fixed length control field | 0 |
| 010 ## - LIBRARY OF CONGRESS CONTROL NUMBER | |
| LC control number | B-181777, |
| 020 ## - INTERNATIONAL STANDARD BOOK NUMBER | |
| Terms of availability | 300.00 |
| International Standard Book Number | 8178814277 |
| 035 ## - SYSTEM CONTROL NUMBER | |
| System control number | B-181777, B-181778 |
| 037 ## - SOURCE OF ACQUISITION | |
| Source of stock number/acquisition | Cen Lib/Ret |
| 040 ## - CATALOGING SOURCE | |
| Original cataloging agency | DPL |
| Language of cataloging | EN |
| Transcribing agency | 0 |
| 082 ## - DEWEY DECIMAL CLASSIFICATION NUMBER | |
| Classification number | 658.3 |
| Item number | HUM |
| 245 ## - TITLE STATEMENT | |
| Title | Human resource outsourcing : |
| Statement of responsibility, etc | edited by V R P Kashyap [and] E Mrudula |
| Remainder of title | an introduction / |
| 260 ## - PUBLICATION, DISTRIBUTION, ETC. (IMPRINT) | |
| Place of publication, distribution, etc | Hyderabad |
| Name of publisher, distributor, etc | The ICFAI University Press |
| Date of publication, distribution, etc | 2005 |
| 270 ## - ADDRESS | |
| Address | 52, Nagarjuna Hills, Punjagutta |
| City | Hyderabad |
| Postal code | 500 082 |
| 300 ## - PHYSICAL DESCRIPTION | |
| Extent | viii,149p. : |
| Dimensions | 22cm(pbk) |
| Other physical details | ill. |
| 500 ## - GENERAL NOTE | |
| General note | Includes index |
| 650 ## - SUBJECT ADDED ENTRY--TOPICAL TERM | |
| Topical term or geographic name as entry element | Personnel management |
| 9 (RLIN) | 13632 |
| 650 ## - SUBJECT ADDED ENTRY--TOPICAL TERM | |
| Topical term or geographic name as entry element | Human resource management |
| 9 (RLIN) | 9535 |
| 700 ## - ADDED ENTRY--PERSONAL NAME | |
| Personal name | Kashyap, V R P |
| 9 (RLIN) | 34726 |
| 700 ## - ADDED ENTRY--PERSONAL NAME | |
| Personal name | Mrudula, E |
| 9 (RLIN) | 34727 |
| 942 ## - ADDED ENTRY ELEMENTS (KOHA) | |
| Source of classification or shelving scheme | Dewey Decimal Classification |
| Koha item type | English Books |
| Classification part | 658 |
| Call number suffix | DAY |
| Withdrawn status | Lost status | Damaged status | Not for loan | Home library | Current library | Date acquired | Source of acquisition | Cost, normal purchase price | Total Checkouts | Total Renewals | Full call number | Barcode | Date last seen | Date checked out | Copy number | Cost, replacement price | Price effective from | Koha item type | Source of classification or shelving scheme | Collection code |
|---|---|---|---|---|---|---|---|---|---|---|---|---|---|---|---|---|---|---|---|---|
| Central Library | Central Library | 22/07/2015 | Cen Lib/Ret | 300.00 | 2 | 2 | 658.3 HUM | B-181777 | 20/07/2019 | 05/06/2019 | 1 | 300.00 | 22/07/2015 | English Books | ||||||
| Patel Nagar | Patel Nagar | 11/07/2018 | BPPD/PUB | 300.00 | 658 DAY | B-181778 | 11/07/2018 | 300.00 | 11/07/2018 | English Books | Dewey Decimal Classification | Non-fiction | ||||||||
| Sarojini Nagar | Sarojini Nagar | 15/04/2019 | 658 DAY | B-181782 | 15/04/2019 | 15/04/2019 | English Books | Dewey Decimal Classification | Non-fiction |
